01337nam a2200205Ia 45000010005000000080041000050100009000460410014000550820014000692450131000832600022002143000007002365200007002436300022002506500024002727000028002967000037003247000037003615200733003984871241029s9999 xx 000 0 und d a4604 aEspañol aNO APLICA 0aImpacto de la comunicación interna en el proceso de gestión Escuela Haras Nacionales, Distrito Educativo 10-02, año 2015 aDistrito Nacional a84 a51 aGestión Escolar aGestión Educativa easesoraOssers, Alfredo eautoraGalán Flores, Francisca eautorade la Cruz Valerio, Wendy aLa comunicación ha jugado un papel fundamental en la vida de los seres humanos, por lo que siempre ha estado presente en el progreso de la civilización. Esto ha traspasado las barreras de la concepción de la comunicación, al punto que la mayoría de las instituciones se ven en la necesidad de crear un departamento par la organización de sus procesos.Este trabajo de investigación, busca resaltar la importancia que tiene la comunicación en las organizaciones escolares y demostrar que es un instrumento indispensable para cumplir los objetivos de cualquier organización. En esta investigación se muestra la comunicación como un instrumento estratégico para mejorar el proceso de enseñanza aprendizaje.